| 000 | 00890cab a2200205 4500 | ||
|---|---|---|---|
| 001 | ##L135128 | ||
| 008 | 060926n2006 000 0 eng u | ||
| 035 | _a(Sirsi) u135128 | ||
| 041 | 0 | _aeng | |
| 100 | 1 | _aKilgallon, Brian | |
| 245 | 0 | 0 | _aCollaboration is the real Olympic prize |
| 260 | _c2006 | ||
| 490 | 0 |
_aBuilding _v271(8448) 22 September 2006, 64-65(2) |
|
| 520 | _aSuggests that collaboration, as championed in the 2012 Olympic Games construction commitments, could become the norm for all public sector projects. Highlights project bank accounts and project insurances as tools to establish collaboration and questions their slow take up. Concludes that the 2012 Games could force the construction industry to change its practices. | ||
| 650 | 2 | 4 | _aOLYMPIC GAMES 2012 |
| 651 | 4 |
_aUnited Kingdom _y |
|
| 690 | 4 | _aLONDON | |
| 690 |
_aProject management _96261 |
||
| 942 | _n0 | ||
| 999 |
_c77793 _d77793 |
||